000 00288nam a22001337a 4500
008 260211b ||||| |||| 00| 0 eng d
020 _a9788853635112
041 _aital
080 _a001
100 _a20
101 _aital
245 _aItalian Famosi
_cValeria Savi
942 _2lcc
_cBK
999 _c60775
_d60775